MDQL
is popping MORE tags! Check the
thread
!
Quizzes
Events
Quiz Creation
Community
Videos
Private Events
Remove Ads
Sign In
Join for FREE
Feedback
Dark Mode
Quiz Categories
Sports
Geography
Music
Movies
Television
Just For Fun
Miscellaneous
History
Literature
Language
Science
Gaming
Entertainment
Religion
Holiday
For Kids
Quiz Lab
Recent
Popular Today
Quiz Kudos Today
Editor Picks
Curator Picks
Quizzes by...
Day
Popularity
Type
Ratings
Length
Year
Community
Subscriptions
Recent Discussions
Orange Saloon
Badges
Playlists
Quests
Create
Leaderboards
Showdown
Live 5
Trivia Bingo
Activity
Puzzle Library
Sporcle Events
Private Events
Virtual Trivia
Globe League
Become a Host
Pub Owners
SporcleCon
Opinionation
Our Games
Videos
Blog
Mobile Apps
Partnerships
Remove Ads and Go Orange
Feedback
Sports
Athletes
MLB
NBA
NHL
NFL
Soccer
Sports Teams
WWE
NCAA
Football
Premier League
Basketball
Baseball
Hockey
Golf
Tennis
Cricket
Rugby
Auto Racing
Olympics
World Cup
Sports
Athletes
MLB
NBA
NHL
NFL
Soccer
Sports Teams
WWE
NCAA
Football
Premier League
Basketball
Baseball
Hockey
Golf
Tennis
Cricket
Rugby
Auto Racing
Olympics
World Cup
Random Quiz
Search Sporcle
×
Quiz Lab
Quiz Lab
Sports
2016
Type in answers that appear in a list
Type in answers that appear in a list
Classic
Best Score? Go Orange.
2016 Packers 90 Man Roster Stats
Can you name the 2016 Packers 90 Man Roster?
By
PackersFan87
10m
90 Questions
34 Plays
34 Plays
34 Plays
Comments
Comments
Give Quiz Kudos
Give Quiz Kudos
-
- Ratings
hide this ad
Replay
Link that replays current quiz
Next Quiz
Link to next quiz in quiz playlist
You Got
0%
They Got
Avg Score
47%
Avg Friend Score
Upgrade to see
Score Distribution
Jump to the score distribution portion of the page
Score
0/90
Timer
10:00
0
Plays Today
Hint
Answer
% Correct
#12
Aaron Rodgers
97.1%
#82
Richard Rodgers
97.1%
#87
Jordy Nelson
88.2%
#2
Mason Crosby
82.4%
#18
Randall Cobb
79.4%
#27
Eddie Lacy
79.4%
#56
Julius Peppers
79.4%
#52
Clay Matthews
76.5%
#7
Brett Hundley
73.5%
#17
Davante Adams
73.5%
#21
Ha Ha Clinton-Dix
73.5%
#45
Derrick Matthews
73.5%
#71
Josh Sitton
73.5%
#83
Jeff Janis
73.5%
#23
Damarious Randall
70.6%
#70
T.J. Lang
70.6%
#95
Datone Jones
70.6%
#8
Tim Masthay
67.6%
#37
Sam Shields
67.6%
#6
Joe Callahan
64.7%
#24
Quinten Rollins
64.7%
#33
Micah Hyde
64.7%
#42
Morgan Burnett
64.7%
#44
James Starks
64.7%
#47
Jake Ryan
64.7%
#53
Nick Perry
64.7%
#69
David Bakhtiari
64.7%
#75
Bryan Bulaga
64.7%
#88
Ty Montgomery
64.7%
#9
Marquise Williams
61.8%
Hint
Answer
% Correct
#19
Ed Williams
61.8%
#84
Jared Abbrederis
61.8%
#89
Jared Cook
61.8%
#11
Trevor Davis
58.8%
#67
Don Barclay
58.8%
#73
J.C. Tretter
58.8%
#97
Kenny Clark
58.8%
#22
Aaron Ripkowski
55.9%
#63
Corey Linsley
55.9%
#76
Mike Daniels
55.9%
#98
Letroy Guion
55.9%
#31
Robertson Daniel
52.9%
#50
Blake Martinez
52.9%
#94
Dean Lowry
52.9%
#38
John Crockett
50%
#80
Justin Perillo
50%
#10
Jamel Johnson
47.1%
#32
Chris Banjo
47.1%
#58
Sam Barrington
47.1%
#65
Lane Taylor
47.1%
#1
Peter Mortell
44.1%
#36
LaDarius Gunter
44.1%
#48
Joe Thomas
44.1%
#81
Geronimo Allison
44.1%
#68
Kyle Murphy
41.2%
#78
Jason Spriggs
41.2%
#91
Jayrone Elliott
41.2%
#39
Demetri Goodson
38.2%
#64
Mike Pennel
38.2%
#99
Christian Ringo
38.2%
Hint
Answer
% Correct
#51
Kyler Fackrell
35.3%
#86
Kennard Backman
35.3%
#28
Josh Hawkins
32.4%
#79
Josh Walker
32.4%
#16
Herb Waters
26.5%
#25
Marwin Evans
26.5%
#29
Kentrell Brice
26.5%
#34
Brandon Burks
26.5%
#72
Josh James
26.5%
#55
Lerentee McCray
23.5%
#59
Rick Lovato
23.5%
#85
Mitchell Henry
23.5%
#96
Brian Price
23.5%
#20
Makinton Dorleant
20.6%
#43
Beniquez Brown
20.6%
#54
Carl Bradford
20.6%
#46
Brandon Ross
17.6%
#62
Lucas Patrick
17.6%
#26
Warren Gatewood
14.7%
#57
Jacob Flores
14.7%
#93
Reggie Gilbert
14.7%
#35
Jermaine Whitehead
11.8%
#41
Randall Jette
11.8%
#49
Casey Pierce
11.8%
#74
Matt Rotheram
11.8%
#90
Tyler Kuder
11.8%
#40
Alstevis Squirewell
8.8%
#13
Harvey Binford
5.9%
#60
Demetris Anderson
5.9%
#45
Manoa Pikula
2.9%
Quiz Playlist
Details
Report
Send in Message
Add To Playlist
Classic:
Type in answers that appear in a list
Last Updated: Feb 16, 2017
Quiz Scoreboard
CHALLENGE
Sign Up to Join the Scoreboard
Show All
Scores
Hide
Comments
May contain spoilers
Recently Published
Holiday 10x10 Sorting Gallery
by lukepisani3
Holiday
15m
Two Season TV Shows II
by 123Four
Television
10m
Image Sorting: Flags VI
by Barbecue
Geography
2m
More to Explore
Quiz From the Vault
Featured Blog Post
14 Easter Pick-up Lines to Find Eggs With
hide this ad
You Might Also Like...
Tags
2016
Green Bay Packers
Man
Man Roster
Roster
Today's Top Quizzes in Sports
Browse Sports
hide this ad
Today's Top Quizzes in 2016
Browse 2016
Top Contributed Quizzes in Sports
1
Les meilleurs buteurs des matchs entre le PSG et l’OM
2
Les entraîneurs de l'OM et du PSG au 21e siècle
3
2022 World Cup Stars
4
Les joueurs passés par le PSG et l'OM
5
Players with Multiple 50 Home Run Seasons
6
FIFA Club World Cup Champions
7
Criteria MLB: Left Handed Sluggers
8
Les joueurs passés par le LOSC et le RC Lens
9
Top 10 NHL Goal Scorers of All Time
10
NBA Logic Puzzle 2.0
Explore More
Trending Topics
Anime
Harry Potter
Crossword
Kpop
NBA
Disney
Marvel
Puzzle
WWE
Song
Soccer
Country
Pokémon
The Office
NFL
hide this ad
More By:
PackersFan87
Quiz
Plays
Rating
Category
Featured
Created
Dude Perfect
673
1.00
Sports
Jan 1, 2014
2016 Packers 53 Man Roster
68
Sports
Sep 9, 2016
2013 Packers starting lineup
50
Sports
Dec 27, 2013
2016 Packers Projected Lineup
47
Sports
Jul 24, 2016
2016 Packers 90 Man Roster
34
Sports
Aug 6, 2016
Go to Creator's Profile
Score Distribution
Quiz Creator Spotlight
PackersFan87
Follow
Send a Message
Quizzes Created
-
Created Quiz Play Count
-
More By This Creator
Popular Quizzes Today
1
Find the US States - No Outlines Minefield
2
Colored Red Africa Blitz
3
Find the 'City' Movie
4
The Countries of the World
5
5x2 Blitz: Bands
6
Find the Countries of Europe - No Outlines Minefield
7
Find the US States
8
US States
More Sports Quizzes
All 362 NCAA DI Basketball Nicknames
Quiz Lab
Trending Quizzes
Colored Red Europe Blitz I
Colored Red Africa Blitz II
Colored Red Europe Blitz II
Even More Two Season TV Shows
Colored Red Africa Blitz III
Recently Updated
Odd Team Out - Big 4 Players
pecheneg
Quick Pick: 20 Twenties
pecheneg
March Madness Men's Triple Doubles
pecheneg
How Do You Spell That?
pecheneg
Godzilla Movies
pecheneg
Grab Bag: 4-10 Letters
pecheneg
2024 March Madness Bracket
pecheneg
Famous TV Couples
Peacemaker
Champions League XIs: Real Madrid
pecheneg
Largest US Cities 1790-2010
pecheneg
Trending Topics
Anime
NBA
Crossword
Kpop
Harry Potter
Disney
Marvel
The Office
Song
Puzzle
Pokémon
WWE
NFL
Country
Soccer
Your Account Isn't Verified!
In order to create a playlist on Sporcle, you need to verify the email address you used during registration. Go to your
Sporcle Settings
to finish the process.
Report this User
Report this user for behavior that violates our
Community Guidelines
.
Details:
Send Report
Go to the Sporcle.com Mobile Site →
Comments